000 00683nam a2200205Ia 4500
001 15311
003 GE_BSU
008 181216s||||||||xx |||||||||||||| ||und||
040 _cGE_BSU
100 _aყაზბეგი, ალექსანდრე
245 _aთხზულებანი 2 ტომად. ტ.2
245 _bმოთხრობები რომანები
245 _cნ.ნატროშვილის წინასიტყვ.
260 _aთბილისი
260 _bმერანი
260 _c1968
300 _a561გვ.21სმ.
653 _aთხზულებათა კრებული
942 _cBK
999 _c48419
_d48419